000 00400pab a2200157 454500
008 180718b2007 xxu||||| |||| 00| 0 eng d
100 _aSinha, Ram Pratap
245 _aOperating efficiency of Life Insurance Companies: an assurance region model
260 _c2007
300 _ap.305-20.
362 _aSep-Dec
650 _aInsurance
773 _aArtha Vijnana
908 _aN
909 _a78706
999 _c78706
_d78706